Experiencias de comparación de variedades de algodón / (Record no. 716)

MARC details
000 -LEADER
campo de control de longitud fija 00896nas a2200241 i 4500
001 - NÚMERO DE CONTROL
campo de control 716
003 - IDENTIFICADOR DE NÚMERO DE CONTROL
campo de control ES-MaACL
005 - FECHA Y HORA DE LA ÚLTIMA TRANSACCIÓN
campo de control 20250217133910.0
007 - CAMPO FIJO DE DESCRIPCIÓN FÍSICA--INFORMACIÓN GENERAL
campo de control de longitud fija t|
008 - DATOS DE LONGITUD FIJA--INFORMACIÓN GENERAL
campo de control de longitud fija 190110c1968 sp | | 1 ||pa d
022 ## - NÚMERO INTERNACIONAL NORMALIZADO PARA PUBLICACIONES SERIADAS
Número Internacional Normalizado para Publicaciones Seriadas 2255-2235
245 00 - MENCIÓN DEL TÍTULO
Título Experiencias de comparación de variedades de algodón /
Mención de responsabilidad, etc. Ministerio de Agricultura, Instituto Nacional de Investigaciones Agronómicas, Textiles.
260 ## - PUBLICACIÓN, DISTRIBUCIÓN, ETC.
Lugar de publicación, distribución, etc. Madrid :
Nombre del editor, distribuidor, etc. Ministerio de Agricultura, Instituto Nacional de Investigaciones Agronómicas, Textiles,
Fecha de publicación, distribución, etc. 1968-
300 ## - DESCRIPCIÓN FÍSICA
Extensión 3 v. ;
Dimensiones 24 cm.
310 ## - PERIODICIDAD ACTUAL
Periodicidad actual Anual
362 0# - FECHAS DE PUBLICACIÓN Y/O DESIGNACIÓN SECUENCIAL
Fecha de publicación y/o designación secuencial Campaña 1967/68-
650 ## - PUNTO DE ACCESO ADICIONAL DE MATERIA--TÉRMINO DE MATERIA
Término de materia o nombre geográfico como elemento de entrada Algodoneros-
Subdivisión geográfica España.
9 (RLIN) 171233
852 ## - LOCALIZACIÓN
Ubicación ES-MaACL
Número de control de estantería C-41926
Nota libre .- (Campaña 1967/1968)
852 ## - LOCALIZACIÓN
Ubicación ES-MaACL
Número de control de estantería 2075-F-19
Nota libre .- (Campaña 1968/1969)
852 ## - LOCALIZACIÓN
Ubicación ES-MaACL
Número de control de estantería C-44120
Nota libre .- (Campaña 1969/1970)
866 #0 - MENCIÓN TEXTUAL DE FONDOS--UNIDAD BIBLIOGRÁFICA BÁSICA
Fondos 1967/1968, 1968/1969, 1969/1970.
Holdings
Estatus retirado Estado de pérdida Estado de daño No para préstamo Colección Biblioteca de origen Biblioteca actual Ubicación en estantería Fecha de adquisición Fuente de adquisición Total de préstamos Signatura topográfica completa Código de barras Visto por última vez Precio de reemplazo Tipo de ítem Koha
        Periódicos y Revistas Biblioteca del Ateneo de Madrid Biblioteca del Ateneo de Madrid Depósito 2 10/01/2019     C-44120 1199603 23/02/2023 23/02/2023 Revista
        Colección de folletos Biblioteca del Ateneo de Madrid Biblioteca del Ateneo de Madrid Depósito folletos 10/01/2019     2075-F-19 1199601 23/02/2023 23/02/2023 Folleto
        Periódicos y Revistas Biblioteca del Ateneo de Madrid Biblioteca del Ateneo de Madrid Depósito 2 10/01/2019     C-41926 1199602 23/02/2023 23/02/2023 Revista